000 00451nam a2200157 4500
003 IeDuTC
005 20181127180832.0
008 900328s1989 enk 000 1 eng
020 _a9780586089248
_c
100 1 _aLessing, Doris,
_d1919-
245 1 4 _aThe grass is singing /
_cDoris Lessing.
260 _bPaladin,
_c1989.
300 _a206p.
650 _aSouth Africa -- Fiction.
_v
_x
_y
_z
_2
650 _aSouth Africa -- Race relation -- Fiction.
_v
_x
_y
_z
_2
999 _c5131
_d5131